| 000 | 01151nam a2200265 i 4500 | ||
|---|---|---|---|
| 001 | 9033 | ||
| 003 | ES-MaACL | ||
| 005 | 20250828092113.0 | ||
| 007 | t| | ||
| 008 | 930201s1983 sp ||||1| spa d | ||
| 080 | _a347.15/.17-055.2:348.9:297 | ||
| 080 | _a308-055.2:297 | ||
| 080 | _a392.3(5/6:297) | ||
| 100 | 1 |
_aCabello, Encarna. _933168 |
|
| 245 | 1 | 3 |
_aEl concepto de lo femenino a través del hombre y de la mujer árabes / _cpor Encarnación Cabello Sanz. |
| 260 |
_aMelilla : _bServicio de Publicaciones de la Uned de Melilla, _c1983. |
||
| 300 |
_a114 p. : _bil. ; _c21 cm. |
||
| 490 | 1 |
_aPublicaciones de la Universidad Nacional de Educación a Distancia, Centro Asociado de Melilla ; _v7 |
|
| 650 | 4 |
_aMujeres- _xEstatuto jurídico (Derecho musulmán) _9158260 |
|
| 650 | 4 |
_aMusulmanas. _9171492 |
|
| 710 | 2 |
_aUniversidad Nacional de Educación a Distancia (España). _bCentro Asociado de Melilla _97407 |
|
| 830 | 1 |
_aPublicaciones de la Universidad Nacional de Educación a Distancia, Centro Asociado de Melilla ; _v7 _9179811 |
|
| 852 | 4 |
_aES-MaACL _jL-16511 _z - Dedicatoria autógrafa de la autora |
|
| 999 |
_c9033 _d9033 |
||